| 000 | 00738cam a2200205 a 4500 | ||
|---|---|---|---|
| 020 | _a0340257202 : | ||
| 082 | 0 | 0 |
_a575 _bBEL _cD |
| 100 | 1 |
_aBellamy, David J. _940235 |
|
| 245 | 1 | 4 |
_aThe great seasons / _cpresented in words by David Bellamy and in pictures by Sheila Mackie. |
| 260 |
_aLondon : _bHodder & Stoughton in association with Oriel Press, _c1981. |
||
| 300 |
_a153 p., 70 leaves of plates : _bcol. ill. ; _c25 cm. |
||
| 526 |
_a0 _b0 _c0 _d575_000000000000000_BEL |
||
| 650 | 0 |
_aBioclimatology _zEngland. _940236 |
|
| 650 | 0 |
_aEvolution (Biology) _912170 |
|
| 650 | 0 |
_aGlacial epoch _zEngland. _940237 |
|
| 650 | 0 |
_aMCE _9379 |
|
| 650 | 0 |
_aNatural history _zEngland. _940238 |
|
| 700 | 1 |
_aMackie, Sheila. _940239 |
|
| 942 |
_2ddc _cBK |
||
| 999 |
_c544576 _d544576 |
||